Magická sila informácií. Základom akejkoľvek zmeny v podniku je zmena informačnej sústavy.
Stručný popis systému CASE - Computer Aided Software/System Engineering - technológie tvorby programov pomocou softwarových prostriedkov a výpočtovej techniky vo všetkých fázach automatizácie spracovania informácií, ktorú možno použiť aj pri analýze a návrhu novej stratégie riadenia odštátnených spo...
Guardado en:
| Autor principal: | |
|---|---|
| Formato: | Capítulo de libro |
| Lenguaje: | eslovaco |
| Materias: | |
| Etiquetas: |
Sin Etiquetas, Sea el primero en etiquetar este registro!
|
MARC
| LEADER | 00000naa a2200000 4500 | ||
|---|---|---|---|
| 001 | r013218 | ||
| 005 | 20221213123423.7 | ||
| 041 | 0 | |a slo | |
| 044 | |a SK | ||
| 245 | 1 | 0 | |a Magická sila informácií. |b Základom akejkoľvek zmeny v podniku je zmena informačnej sústavy. |c S. Dobrovodský |
| 520 | |a Stručný popis systému CASE - Computer Aided Software/System Engineering - technológie tvorby programov pomocou softwarových prostriedkov a výpočtovej techniky vo všetkých fázach automatizácie spracovania informácií, ktorú možno použiť aj pri analýze a návrhu novej stratégie riadenia odštátnených spoločností. | ||
| 610 | 2 | 0 | |a CASE |
| 610 | 2 | 0 | |a softvér |
| 610 | 2 | 0 | |a spracovanie dát |
| 610 | 2 | 0 | |a systémy informačné |
| 610 | 2 | 0 | |a riadenie strategické |
| 100 | 1 | |a Dobrovodský, S. | |